The soccer machine / (Record no. 4317)
[ view plain ]
| 000 -LEADER | |
|---|---|
| fixed length control field | 01233cam a22003377a 4500 |
| 001 - CONTROL NUMBER | |
| control field | 4317 |
| 003 - CONTROL NUMBER IDENTIFIER | |
| control field | FISKH |
| 005 - DATE AND TIME OF LATEST TRANSACTION | |
| control field | 20240717160224.0 |
| 008 - FIXED-LENGTH DATA ELEMENTS--GENERAL INFORMATION | |
| fixed length control field | 050718r20062003caua 000 1 eng |
| 010 ## - LIBRARY OF CONGRESS CONTROL NUMBER | |
| LC control number | 2005930840 |
| 020 ## - INTERNATIONAL STANDARD BOOK NUMBER | |
| International Standard Book Number | 9781933605005 (pbk.) |
| 020 ## - INTERNATIONAL STANDARD BOOK NUMBER | |
| International Standard Book Number | 1933605006 (pbk.) |
| 040 ## - CATALOGING SOURCE | |
| Original cataloging agency | DLC |
| Transcribing agency | DLC |
| Modifying agency | DLC |
| Language of cataloging | eng |
| 050 ## - LIBRARY OF CONGRESS CALL NUMBER | |
| Classification number | PZ7.B38185 |
| 082 ## - DEWEY DECIMAL CLASSIFICATION NUMBER | |
| Classification number | 823.92 |
| 100 1# - MAIN ENTRY--PERSONAL NAME | |
| Personal name | Bedford, David, |
| Dates associated with a name | 1969- |
| 245 14 - TITLE STATEMENT | |
| Title | The soccer machine / |
| Statement of responsibility, etc. | David Bedford ; illustrated by Keith Brumpton. |
| 250 ## - EDITION STATEMENT | |
| Edition statement | First American Edition 2006 |
| 260 ## - PUBLICATION, DISTRIBUTION, ETC. | |
| Place of publication, distribution, etc. | La Jolla : |
| Name of publisher, distributor, etc. | Kane/Miller, |
| Date of publication, distribution, etc. | 2003 |
| 300 ## - PHYSICAL DESCRIPTION | |
| Extent | 68 pages : |
| Other physical details | illustrations ; |
| Dimensions | 20 cm |
| 490 0# - SERIES STATEMENT | |
| Series statement | The team ; |
| Volume/sequential designation | Book 1 |
| 505 ## - FORMATTED CONTENTS NOTE | |
| Formatted contents note | N |
| 520 ## - SUMMARY, ETC. | |
| Summary, etc. | Harvey's football team always loses, but Professor Gertie thinks she has the perfect solution - Mark 1, the Football Machine. He has a metal body covered with squidgy skin and he is programmed to win. Will it take a Football Machine to help the team win at last?<br/> |
| 521 8# - TARGET AUDIENCE NOTE | |
| Target audience note | 570<br/> |
| Source | Lexile<br/> |
| 521 8# - TARGET AUDIENCE NOTE | |
| Target audience note | N<br/> |
| Source | Raz-Plus<br/> |
| 650 ## - SUBJECT ADDED ENTRY--TOPICAL TERM | |
| Topical term or geographic name entry element | Soccer |
| Form subdivision | Fiction |
| General subdivision | Robots |
| Chronological subdivision | Friendship |
| 700 1# - ADDED ENTRY--PERSONAL NAME | |
| Personal name | Brumpton, Keith, |
| Relator term | illustrator |
| 906 ## - LOCAL DATA ELEMENT F, LDF (RLIN) | |
| a | 7 |
| b | cbc |
| c | orignew |
| d | 4 |
| e | epcn |
| f | 20 |
| g | y-gencatlg |
| 942 ## - ADDED ENTRY ELEMENTS (KOHA) | |
| Source of classification or shelving scheme | Dewey Decimal Classification |
| Koha item type | Books |
| Suppress in OPAC | No |
| Withdrawn status | Lost status | Source of classification or shelving scheme | Damaged status | Not for loan | Collection | Home library | Current library | Shelving location | Date acquired | Total Checkouts | Full call number | Barcode | Date last seen | Date last checked out | Price effective from | Koha item type |
|---|---|---|---|---|---|---|---|---|---|---|---|---|---|---|---|---|
| Dewey Decimal Classification | Juvenile Fiction | Footprints International School Library Network Toul Kork Campus | Footprints International School Library Network Toul Kork Campus | TK Primary Library Room(4th Floor), Bookcase 3&4, Shelves 17-32, Yellow Books | 07/17/2024 | 1 | BED 823.92 PZ7.B38185 | FISTKG2A072 | 12/08/2025 | 12/08/2025 | 07/17/2024 | Books |
